|
|
|
|
| LEADER |
01959cas a2200301 a 4500 |
| 001 |
AALejournalIMF021870 |
| 008 |
230101c9999 xx r poo 0 0eng d |
| 020 |
|
|
|c 5.00 USD
|
| 020 |
|
|
|z 9781513589084
|
| 022 |
|
|
|a 1934-7685
|
| 040 |
|
|
|a BD-DhAAL
|c BD-DhAAL
|
| 110 |
2 |
|
|a International Monetary Fund.
|b Fiscal Affairs Dept.
|
| 245 |
1 |
0 |
|a Honduras :
|b Technical Assistance Report-Fiscal Transparency Evaluation.
|
| 264 |
|
1 |
|a Washington, D.C. :
|b International Monetary Fund,
|c 2021.
|
| 300 |
|
|
|a 1 online resource (108 pages)
|
| 490 |
1 |
|
|a IMF Staff Country Reports
|
| 500 |
|
|
|a <strong>Off-Campus Access:</strong> No User ID or Password Required
|
| 500 |
|
|
|a <strong>On-Campus Access:</strong> No User ID or Password Required
|
| 506 |
|
|
|a Electronic access restricted to authorized BRAC University faculty, staff and students
|
| 520 |
3 |
|
|a This report evaluates Honduras's fiscal transparency practices in relation to the IMF Fiscal Transparency Code (FTC). Honduras's score is similar to those of other Latin American countries and emerging market economies that have undergone the evaluation. In relation to the fiscal transparency principles, Honduran practices are considered basic in 15 areas; good in seven areas; and advanced in six areas. Fiscal transparency practices in the area of fiscal forecasting and budgeting are the strongest, while the fiscal risk analysis and management practices are the weakest. Finally, Honduras's current fiscal transparency practices fall short of the FTC principles in eight areas.
|
| 538 |
|
|
|a Mode of access: Internet
|
| 650 |
|
7 |
|a International Agreements
|2 imf
|
| 650 |
|
7 |
|a International Organizations
|2 imf
|
| 650 |
|
7 |
|a Monetary Policy
|2 imf
|
| 650 |
|
7 |
|a Observance
|2 imf
|
| 651 |
|
7 |
|a Honduras
|2 imf
|
| 830 |
|
0 |
|a IMF Staff Country Reports; Country Report ;
|v No. 2021/150
|
| 856 |
4 |
0 |
|z Full text available on IMF
|u http://elibrary.imf.org/view/journals/002/2021/150/002.2021.issue-150-en.xml
|z IMF e-Library
|